000 01325nam0a2200313 4500
001 RU\NLR\bibl\149812
005 20260607042739.0
035 _a(NLR Aleph) 000146838
090 _a841812
_c841812
100 _a20010418d1997 |||y0rusy50 ca
101 0 _arus
102 _aRU
105 _ay |||||||||
200 1 _aКак назвать наши отношения
_e(Метод. пособие)
_fН.Н. Обозов
_gМеждунар. акад. психол. наук, Акад. психологии, предпринимательства и менеджмента
210 _aСПб.
_cАкад. психологии, предпринимательства и менеджмента
_d1997
215 _a47,[1] с.
_d20
320 _aБиблиогр. в конце кн. (11 назв.)
606 0 _aМежличностные отношения
_jМетодические пособия
_91024760
_3RU\NLR\AUTH\66392074
686 _aС550.353я78
700 1 _4070
_8rus
_7ca
_aОбозов
_bН. Н.
_gНиколай Николаевич
_3RU\NLR\auth\7721103
_94169
801 0 _aRU
_bNLR
_c20010418
_gPSBO
801 1 _aRU
_bNLR
_c20010418
830 _aАвт. по базе
852 _aNLR
_j2000-4/4993
942 _cBOOK
980 _aNB